000 00517nam a22001937a 4500
003 KOHA_MİRAKIL
005 20251201071209.0
008 251201b tu ||||| |||| 00| 0 tur d
020 _a9786050516319
040 _aTR-AnABB
_btur
_cTR-AnABB
041 _atur
082 _a342.023
_bDON 2023
100 1 _aDöner, Ayhan,
245 1 0 _aAnayasa hukuku /
_cAyhan Döner
260 _aAnkara :
_bYetkin Yayınları,
_c2023
300 _a534 sayfa ;
_c24 cm
650 0 4 _aAnayasa hukuku
942 _2ddc
_cBK
999 _c9673
_d9673
900 _bGizem YORULMAZ